| 000 | 00351 a2200145 4500 | ||
|---|---|---|---|
| 020 | _a9788426343277 | ||
| 020 | _a8426343279 | ||
| 041 | _aspa | ||
| 100 | _aAlvarez, Blanca | ||
| 245 | _aUn club de futbol hechizado / Blanca Alvarez | ||
| 260 | _a Zaragoza : Edelvives, 2002 | ||
| 300 |
_a147 p. ; _c21 cm |
||
| 440 | _aSuenos de papel | ||
| 942 | _cBK | ||
| 999 |
_c7192 _d7192 |
||